| 000 | 01249cab a2200337 4500 | ||
|---|---|---|---|
| 001 | WB3246-15 | ||
| 008 | 090401t1996 xxu||||| |||| 00| 0 eng d | ||
| 035 | _a(Sirsi) u64306 | ||
| 041 | _aeng | ||
| 245 | _aInternational project finance | ||
| 260 | _c1996 | ||
| 300 | _aLOAN | ||
| 350 | _a0 | ||
| 490 |
_aFinancial Times _v3 December 1996, (4) |
||
| 520 | _aMethods of raising finance for construction projects ranging from bank loans, equity investments and capital markets, the UK private finance initiative, the role of international agencies including the European Investment Bank are examined. Discusses international co-operation focusing on Europe and Latin America. Global lead arrangers loans by sector and country. | ||
| 650 | _aBANK LOANS | ||
| 650 | _aCONSTRUCTION PROJECTS | ||
| 650 | _aEQUITY INVESTMENT | ||
| 650 | _aEUROPE | ||
| 650 | _aEUROPEAN COMMISSION | ||
| 650 | _aEXPORT CREDIT AGENCIES | ||
| 650 | _aINFRASTRUCTURE PROJECTS | ||
| 650 | _aINTERNATIONAL AGENCIES | ||
| 650 | _aINTERNATONAL CO-OPERATION | ||
| 650 | _aLATIN AMERICA | ||
| 650 | _aPRIVATE FINANCE INITIATIVE | ||
| 650 | _aPROJECT FINANCE | ||
| 690 | _aPROPERTY-PROPERTY FINANCE AND INVESTMENT | ||
| 942 | _n0 | ||
| 948 | _c04/03/1997 | ||
| 999 |
_c40047 _d40047 |
||